[Event "World Blitz 2015"]
[Site "Berlin GER"]
[Date "2015.10.13"]
[Round "6.20"]
[White "Cheparinov, Ivan"]
[Black "Sethuraman, S.P."]
[Result "1-0"]
[WhiteTitle "GM"]
[BlackTitle "GM"]
[WhiteElo "2681"]
[BlackElo "2640"]
[WhiteFideId "2905540"]
[BlackFideId "5021596"]
[EventDate "2015.10.13"]

1. d4 d5 2. c4 e6 3. Nf3 Nf6 4. g3 Bb4+ 5. Bd2 Be7 6. Bg2 O-O 7. O-O c6 8. Qc2
Nbd7 9. Rd1 b6 10. Bf4 Bb7 11. Ne5 Nh5 12. Bd2 Bd6 13. Bc3 Nhf6 14. Nd2 Rc8 15.
Nxd7 Qxd7 16. e4 dxe4 17. Nxe4 Nxe4 18. Bxe4 h6 19. c5 Be7 20. Qe2 Qc7 21. b4
Rcd8 22. Rac1 Rfe8 23. h4 Bf6 24. Qf3 Ba8 25. Bb1 bxc5 26. dxc5 Rxd1+ 27. Rxd1
Bxc3 28. Qxc3 Rd8 29. Rxd8+ Qxd8 30. Qd3 Qxd3 31. Bxd3 Kf8 32. f4 Ke7 33. Kf2
Bb7 34. Ke3 f6 35. Kd4 Kd7 36. a4 Bc8 37. Bc4 Kc7 38. Bd3 Bd7 39. Bg6 Kd8 40.
Be4 Kc7 41. Bd3 Kd8 42. Be2 Kc7 43. g4 Be8 44. Bd3 Bd7 45. Be2 Be8 46. Bd3 Bd7
47. Ke3 Be8 48. g5 hxg5 49. hxg5 e5 50. fxe5 fxg5 51. Bf5 Bh5 52. Kd4 Bd1 53. e6
Kd8 54. b5 Bxa4 55. b6 axb6 56. cxb6 c5+ 57. Kxc5 Kc8 58. e7+ Kb7 59. Be4+ Kb8
60. Bc6 1-0

[Event "World Blitz 2015"]
[Site "Berlin GER"]
[Date "2015.10.13"]
[Round "6.21"]
[White "Heimann, Andreas"]
[Black "Guseinov, Gadir"]
[Result "0-1"]
[WhiteTitle "IM"]
[BlackTitle "GM"]
[WhiteElo "2546"]
[BlackElo "2634"]
[WhiteFideId "24624632"]
[BlackFideId "13401378"]
[EventDate "2015.10.13"]

1. e4 c5 2. Nf3 g6 3. d4 cxd4 4. Nxd4 Nc6 5. c4 Bg7 6. Be3 Nf6 7. Nc3 O-O 8. Be2
d6 9. O-O Bd7 10. Qd2 Nxd4 11. Bxd4 Bc6 12. f3 Nd7 13. Be3 a5 14. b3 Nc5 15.
Rab1 e6 16. Rfd1 Be5 17. Bd4 Qe7 18. Bxe5 dxe5 19. Qd6 Qxd6 20. Rxd6 f5 21. exf5
gxf5 22. a3 Rfd8 23. Rxd8+ Rxd8 24. b4 axb4 25. axb4 Na4 26. Rd1 Rxd1+ 27. Nxd1
b6 28. Kf2 Kf7 29. Ke3 Kf6 30. Kd2 Ke7 31. Kc2 b5 32. cxb5 Bd5 33. Nc3 Nb6 34.
Nd1 Kd6 35. Nb2 h6 36. Kc3 Ke7 37. Bd1 Kd6 38. Na4 Nc4 39. Be2 Ne3 40. g3 f4 41.
Kd2 Nf5 42. gxf4 exf4 43. Nc3 Bb7 44. Ke1 Nd4 45. Kf2 Nc2 46. Bd3 Nxb4 47. Be4
Nd5 48. Nxd5 Bxd5 49. Bxd5 exd5 50. Ke2 Kc5 51. Kd3 Kxb5 52. Kd4 Kc6 53. Ke5 Kc5
54. Kxf4 d4 55. Kg3 Kc4 56. Kf2 Kc3 0-1

[Event "World Blitz 2015"]
[Site "Berlin GER"]
[Date "2015.10.13"]
[Round "6.22"]
[White "Gajewski, Grzegorz"]
[Black "Eljanov, Pavel"]
[Result "1/2-1/2"]
[WhiteTitle "GM"]
[BlackTitle "GM"]
[WhiteElo "2654"]
[BlackElo "2717"]
[WhiteFideId "1116207"]
[BlackFideId "14102951"]
[EventDate "2015.10.13"]

1. c4 Nf6 2. g3 e6 3. Bg2 d5 4. Nf3 dxc4 5. Qa4+ Bd7 6. Qxc4 c5 7. Ne5 Qc8 8.
O-O Nc6 9. Nxc6 Bxc6 10. Bxc6+ Qxc6 11. Nc3 Be7 12. d3 O-O 13. Bg5 Rac8 14. Rfc1
h6 15. Bxf6 Bxf6 16. Rc2 Rfd8 17. Rac1 Be7 18. Qe4 f5 19. Qxc6 Rxc6 20. Nb5 a6
21. Nc3 c4 22. dxc4 Rxc4 23. b3 Rcd4 24. Na4 Ba3 25. Re1 Rd2 26. Rc7 R8d7 27.
Rxd7 Rxd7 28. Nb6 Rd8 29. Nc4 Bb4 30. Rc1 Kf7 31. Ne5+ Kf6 32. Nd3 Bd6 33. f4
Rd7 34. Rc8 Rc7 35. Rd8 Ke7 36. Rg8 Kf7 37. Rd8 Be7 38. Ne5+ Kf6 39. Nd7+ Kg6
40. Ne5+ Kf6 41. Nd7+ 1/2-1/2

[Event "World Blitz 2015"]
[Site "Berlin GER"]
[Date "2015.10.13"]
[Round "6.23"]
[White "Bauer, Christian"]
[Black "Hausrath, Daniel"]
[Result "1/2-1/2"]
[WhiteTitle "GM"]
[BlackTitle "GM"]
[WhiteElo "2623"]
[BlackElo "2503"]
[WhiteFideId "603767"]
[BlackFideId "4617495"]
[EventDate "2015.10.13"]

1. d4 Nf6 2. Nf3 g6 3. Bf4 Bg7 4. e3 O-O 5. Be2 d6 6. O-O c5 7. a4 cxd4 8. exd4
Nc6 9. c3 Bf5 10. Na3 Nd5 11. Bg3 e5 12. Nc4 Nf4 13. Bxf4 exf4 14. Qd2 g5 15. h3
Rc8 16. Rfe1 Be4 17. Nh2 d5 18. Na3 Na5 19. Qd1 Qb6 20. b4 Nc6 21. a5 Qd8 22. a6
b6 23. Nb5 Qd7 24. Bg4 f5 25. Be2 Ne7 26. f3 Ng6 27. c4 Nh4 28. c5 bxc5 29. bxc5
Rb8 30. Nd6 Rb4 31. fxe4 Bxd4+ 32. Kh1 dxe4 33. Bc4+ Rxc4 34. Nxc4 Qg7 35. Nd6
f3 36. gxf3 exf3 37. Ra4 Bc3 38. Rf1 Qe5 39. Nxf3 Qg3 40. Qe2 Qxh3+ 41. Nh2 Be5
42. Rxh4 gxh4 43. Nxf5 Rxf5 44. Rxf5 Qxf5 45. c6 Qb1+ 46. Nf1 Qf5 1/2-1/2

[Event "World Blitz 2015"]
[Site "Berlin GER"]
[Date "2015.10.13"]
[Round "6.24"]
[White "Navara, David"]
[Black "Bartel, Mateusz"]
[Result "0-1"]
[WhiteTitle "GM"]
[BlackTitle "GM"]
[WhiteElo "2734"]
[BlackElo "2622"]
[WhiteFideId "309095"]
[BlackFideId "1112635"]
[EventDate "2015.10.13"]

1. c4 e5 2. g3 Nc6 3. Bg2 d6 4. Nc3 Be6 5. d3 Qd7 6. b4 h5 7. b5 Nd8 8. Nf3 Be7
9. h4 Nh6 10. Ng5 Bg4 11. Nd5 f6 12. Ne4 Nhf7 13. Ba3 Rc8 14. Qa4 a6 15. Nxe7
Kxe7 16. Nc3 axb5 17. cxb5 Re8 18. Rc1 Kf8 19. b6 Qxa4 20. Nxa4 c6 21. Nb2 Ke7
22. Nc4 Ra8 23. Rc2 Kd7 24. Bb4 d5 25. Nd2 Nd6 26. Nb3 Nb5 27. a4 Nd4 28. Nc5+
Kc8 29. f3 Nxc2+ 0-1

[Event "World Blitz 2015"]
[Site "Berlin GER"]
[Date "2015.10.13"]
[Round "6.25"]
[White "Anand, Viswanathan"]
[Black "Ivanisevic, Ivan"]
[Result "1/2-1/2"]
[WhiteTitle "GM"]
[BlackTitle "GM"]
[WhiteElo "2803"]
[BlackElo "2653"]
[WhiteFideId "5000017"]
[BlackFideId "912417"]
[EventDate "2015.10.13"]

1. e4 c5 2. Nf3 e6 3. g3 d5 4. exd5 exd5 5. d4 Nc6 6. Bg2 Bg4 7. O-O cxd4 8. h3
Bxf3 9. Qxf3 Nf6 10. Bg5 Be7 11. Bxf6 Bxf6 12. Re1+ Ne7 13. Qxd5 Qxd5 14. Bxd5
O-O 15. Be4 Rac8 16. Nd2 Rc7 17. Bd3 Nc6 18. a3 Ne5 19. Rab1 g6 20. Kf1 Kg7 21.
Re2 Rfc8 22. Nb3 Nxd3 23. cxd3 b6 24. f4 a5 25. Rbe1 a4 26. Nd2 b5 27. Nf3 h6
28. Kf2 Kf8 29. Rd2 Rc5 30. Re4 Rd5 31. Ke2 Rd6 32. Kd1 Rdc6 33. Ke2 Rc1 34. Ne5
Rh1 35. Kf3 Rcc1 36. Nd7+ Kg7 37. Nxf6 Kxf6 38. Rxd4 Rxh3 39. Rd5 Rf1+ 40. Kg2
Rhh1 41. Rxb5 Rhg1+ 42. Kh3 Rf3 43. Rg2 Rh1+ 44. Rh2 Rg1 45. Rg2 Rh1+ 1/2-1/2

[Event "World Blitz 2015"]
[Site "Berlin GER"]
[Date "2015.10.13"]
[Round "6.26"]
[White "Movsesian, Sergei"]
[Black "Ponomariov, Ruslan"]
[Result "1/2-1/2"]
[WhiteTitle "GM"]
[BlackTitle "GM"]
[WhiteElo "2658"]
[BlackElo "2710"]
[WhiteFideId "310204"]
[BlackFideId "14103320"]
[EventDate "2015.10.13"]

1. e4 e5 2. Nf3 Nc6 3. Be2 Nf6 4. d3 g6 5. O-O Bg7 6. a3 O-O 7. b4 d6 8. Nbd2
Nh5 9. Re1 f5 10. Bb2 Nf4 11. Bf1 g5 12. g3 Ng6 13. exf5 Bxf5 14. Ne4 g4 15.
Nfd2 d5 16. Nc3 Nd4 17. Bg2 c6 18. Ne2 Nxe2+ 19. Qxe2 Qd7 20. Nb3 Rf7 21. Rad1
Raf8 22. c4 h5 23. Nc5 Qd6 24. Qc2 b6 25. Nb3 Be6 26. Re2 h4 27. Rde1 hxg3 28.
hxg3 Bf6 29. b5 cxb5 30. cxd5 Bxd5 31. d4 e4 32. Bxe4 Ne7 33. Nd2 Bg7 34. Bxd5
Nxd5 35. Qe4 Qd7 36. Nf1 Re7 37. Qg6 Rxe2 38. Rxe2 Qf5 39. Qxf5 Rxf5 40. Ne3 Rg5
41. Kg2 Kf7 42. Re1 a5 43. Rc1 b4 44. axb4 Nxb4 45. Rc7+ Kg8 46. Rc8+ Kf7 47.
Rc7+ Kg8 48. Rc8+ Kf7 49. Rc7+ Kg8 50. Rc8+ 1/2-1/2

[Event "World Blitz 2015"]
[Site "Berlin GER"]
[Date "2015.10.13"]
[Round "6.27"]
[White "Vitiugov, Nikita"]
[Black "Morozevich, Alexander"]
[Result "1/2-1/2"]
[WhiteTitle "GM"]
[BlackTitle "GM"]
[WhiteElo "2725"]
[BlackElo "2711"]
[WhiteFideId "4152956"]
[BlackFideId "4116992"]
[EventDate "2015.10.13"]

1. Nf3 d5 2. g3 c6 3. Bg2 Bf5 4. c4 e6 5. cxd5 cxd5 6. O-O Nc6 7. d3 h6 8. Qb3
Qb6 9. Be3 Qxb3 10. axb3 e5 11. d4 e4 12. Nfd2 Nb4 13. Nc3 Nf6 14. Nb5 Kd7 15.
Rfc1 Nc6 16. f3 Bb4 17. g4 exf3 18. exf3 Bd3 19. Nc3 Rhe8 20. Bf2 Bd6 21. Nf1
Bf4 22. Re1 Rxe1 23. Bxe1 Re8 24. Bg3 Bxg3 25. Nxg3 Bc2 26. b4 Nxd4 27. Rxa7 Kc6
28. Kf2 Kb6 29. Ra5 Bb3 30. h4 g5 31. hxg5 hxg5 32. Nh5 Nxh5 33. gxh5 Rh8 34.
Nxd5+ Bxd5 35. Rxd5 Ne6 36. Bh3 Nf4 37. Rd6+ Kc7 38. Rd7+ Kc6 39. Bg4 f5 40.
Bxf5 Rxh5 41. b5+ Kxb5 42. Rxb7+ Kc5 43. Rh7 Rh4 44. Rxh4 gxh4 45. Ke3 Nd5+ 46.
Ke4 Ne7 47. Bg4 Kb4 48. Be6 Ng6 49. f4 h3 50. Bxh3 Nxf4 51. Kxf4 Kb3 1/2-1/2

[Event "World Blitz 2015"]
[Site "Berlin GER"]
[Date "2015.10.13"]
[Round "6.29"]
[White "Lenic, Luka"]
[Black "Alekseev, Evgeny"]
[Result "0-1"]
[WhiteTitle "GM"]
[BlackTitle "GM"]
[WhiteElo "2639"]
[BlackElo "2642"]
[WhiteFideId "14603853"]
[BlackFideId "4138147"]
[EventDate "2015.10.13"]

1. d4 Nf6 2. Bg5 d5 3. Bxf6 gxf6 4. e3 c5 5. c4 cxd4 6. exd4 Nc6 7. Nc3 dxc4 8.
d5 Ne5 9. Bxc4 Nxc4 10. Qa4+ Bd7 11. Qxc4 Rg8 12. Qe4 Qb6 13. Nge2 f5 14. Qf3
Qg6 15. O-O Qg4 16. Qxg4 Rxg4 17. Rac1 Rc8 18. Rfe1 Rgc4 19. Rcd1 Bg7 20. Rd3
Kf8 21. a3 b5 22. Nd1 Rc2 23. Nd4 Rc1 24. Kf1 Rb1 25. Rd2 a5 26. Nc3 Rxe1+ 27.
Kxe1 b4 28. axb4 axb4 29. Nce2 Rc5 30. Nb3 Rc4 31. f4 Ke8 32. g3 Kd8 33. Kd1 Ba4
34. Rd3 Bxb2 35. d6 e6 36. Ke1 Kd7 37. Kf2 Bf6 38. Nd2 Rc6 39. Nf3 Rxd6 40. Re3
b3 41. Nc3 b2 42. Nb1 Bc2 43. Re1 Ra6 44. Nfd2 Ra1 45. Ke2 Ke7 46. h4 Bd4 47.
Rf1 Kf6 48. Re1 Bc5 49. Nc3 Bb4 0-1

[Event "World Blitz 2015"]
[Site "Berlin GER"]
[Date "2015.10.13"]
[Round "6.30"]
[White "Hjartarson, Johann"]
[Black "Svidler, Peter"]
[Result "0-1"]
[WhiteTitle "GM"]
[BlackTitle "GM"]
[WhiteElo "2529"]
[BlackElo "2727"]
[WhiteFideId "2300044"]
[BlackFideId "4102142"]
[EventDate "2015.10.13"]

1. e4 c5 2. Nf3 e6 3. d4 cxd4 4. Nxd4 a6 5. Bd3 Bc5 6. Nb3 Be7 7. O-O d6 8. Nc3
Nf6 9. f4 Nbd7 10. Qf3 Qc7 11. g4 h6 12. h4 h5 13. g5 Ng4 14. Bd2 b5 15. f5 Nde5
16. Qg3 Bb7 17. Ne2 exf5 18. Rxf5 g6 19. Rff1 O-O 20. Nf4 Nxd3 21. cxd3 d5 22.
Ba5 Qd7 23. e5 Nxe5 24. Rac1 Rac8 25. d4 Ng4 26. Nd3 Bd6 27. Qh3 Rc4 28. Nbc5
Qc8 29. b3 Rxd4 30. Bb6 Qc6 31. Ba7 Ba8 32. Ne6 Rxd3 33. Qxd3 Qd7 34. Nxf8 Qxa7+
35. Kg2 Ne3+ 36. Kh3 Bxf8 37. Rf4 Qd7+ 38. Kg3 Nf5+ 39. Kf2 d4 0-1

[Event "World Blitz 2015"]
[Site "Berlin GER"]
[Date "2015.10.13"]
[Round "6.31"]
[White "Moiseenko, Alexander"]
[Black "Matlakov, Maxim"]
[Result "1/2-1/2"]
[WhiteTitle "GM"]
[BlackTitle "GM"]
[WhiteElo "2692"]
[BlackElo "2689"]
[WhiteFideId "14102560"]
[BlackFideId "4168003"]
[EventDate "2015.10.13"]

1. d4 d5 2. c4 c6 3. Nf3 Nf6 4. Nc3 dxc4 5. a4 Bf5 6. Nh4 Bg4 7. h3 Bh5 8. g4
Bg6 9. Nxg6 hxg6 10. e3 Nbd7 11. Bxc4 e6 12. Kf1 Bd6 13. Kg2 Qe7 14. a5 a6 15.
Qf3 Bc7 16. Bd2 O-O-O 17. b4 Nd5 18. b5 axb5 19. Bxd5 exd5 20. a6 bxa6 21. Rxa6
Nb6 22. Rha1 Qf6 23. Qxf6 gxf6 24. Ne2 Kd7 25. Ba5 Rb8 26. Nc1 Rhc8 27. Bxb6
Bxb6 28. Nd3 Kd6 29. h4 Rh8 30. Rxb6 Rxb6 31. Ra7 Re8 32. Rxf7 b4 33. Nc5 Re7
34. Rxf6+ Kc7 35. Rxg6 b3 36. Nxb3 Rxb3 37. h5 Rb2 38. Kg3 Kd7 39. h6 Rb1 40. g5
Rh1 41. Rg8 Ke6 42. Rg6+ Kf5 43. Rxc6 Kxg5 44. Rd6 Rxh6 45. f4+ Kh5 46. Rxd5+
Kg6 47. Rd6+ Kg7 48. Rxh6 Kxh6 49. Kf3 Kg6 50. e4 Kf6 51. d5 Ra7 52. d6 Ke6 53.
e5 Kf5 54. Ke3 Ra4 55. Kd3 Ke6 56. Ke3 Rb4 57. Kf3 Kf5 58. Ke3 Ra4 59. Kd3 Ke6
60. Ke3 1/2-1/2

[Event "World Blitz 2015"]
[Site "Berlin GER"]
[Date "2015.10.13"]
[Round "6.33"]
[White "Khairullin, Ildar"]
[Black "Iturrizaga Bonelli, Eduardo"]
[Result "0-1"]
[WhiteTitle "GM"]
[BlackTitle "GM"]
[WhiteElo "2652"]
[BlackElo "2641"]
[WhiteFideId "4151348"]
[BlackFideId "3901211"]
[EventDate "2015.10.13"]

1. d4 Nf6 2. c4 c5 3. d5 b5 4. cxb5 a6 5. bxa6 g6 6. Nc3 Bxa6 7. e4 Bxf1 8. Kxf1
d6 9. Nf3 Nbd7 10. h3 Bg7 11. Kg1 O-O 12. Kh2 Ra6 13. Re1 Qa8 14. Re2 Rb8 15.
Rc2 Ne8 16. Bd2 Nc7 17. Qe2 Rab6 18. Be1 e6 19. dxe6 Nxe6 20. Rd1 Ne5 21. Rcd2
Nxf3+ 22. Qxf3 Rxb2 23. Rxb2 Rxb2 24. Qd3 Be5+ 25. Kh1 h5 26. Rb1 Nf4 27. Qd1
Bxc3 28. Bxc3 Qxe4 0-1

[Event "World Blitz 2015"]
[Site "Berlin GER"]
[Date "2015.10.13"]
[Round "6.34"]
[White "Edouard, Romain"]
[Black "Ehlvest, Jaan"]
[Result "1-0"]
[WhiteTitle "GM"]
[BlackTitle "GM"]
[WhiteElo "2636"]
[BlackElo "2535"]
[WhiteFideId "633429"]
[BlackFideId "4500016"]
[EventDate "2015.10.13"]

1. Nf3 g6 2. g3 Bg7 3. Bg2 f5 4. d4 Nf6 5. O-O O-O 6. c4 d6 7. Nc3 Qe8 8. d5 Na6
9. Be3 Bd7 10. Rc1 c6 11. dxc6 Bxc6 12. Nd5 Nxd5 13. cxd5 Bd7 14. Bd4 Bh6 15. e3
Qf7 16. Qb3 b6 17. Qa3 Nc5 18. b4 Ne4 19. Rc7 Bb5 20. Rfc1 g5 21. Qb3 Be2 22.
Qc2 Bxf3 23. Bxf3 g4 24. Bxe4 fxe4 25. Qe2 Bg7 26. Bxg7 Qxg7 27. R1c4 Rf7 28.
Rxe4 h5 29. Rf4 a5 30. b5 a4 31. Qc2 a3 32. Rc8+ Rxc8 33. Qxc8+ Kh7 34. Qe8 Rxf4
35. Qxh5+ Kg8 36. gxf4 Qa1+ 37. Kg2 Qxa2 38. Qe8+ Kg7 39. Qxe7+ Kh8 40. Qh4+ Kg7
41. Qxg4+ Kf8 42. Qc8+ Kg7 43. Qd7+ Kg8 44. Qe6+ Kg7 45. f5 Qb2 46. Qg6+ Kf8 47.
f6 Qe5 48. Qg7+ 1-0

[Event "World Blitz 2015"]
[Site "Berlin GER"]
[Date "2015.10.13"]
[Round "6.35"]
[White "Fridman, Daniel"]
[Black "Kovalenko, Igor"]
[Result "1-0"]
[WhiteTitle "GM"]
[BlackTitle "GM"]
[WhiteElo "2649"]
[BlackElo "2700"]
[WhiteFideId "11600454"]
[BlackFideId "14117908"]
[EventDate "2015.10.13"]

1. d4 e6 2. c4 b6 3. Nf3 Nf6 4. g3 Ba6 5. b3 b5 6. cxb5 Bxb5 7. Bg2 Bc6 8. O-O
a5 9. Nc3 Bb4 10. Bb2 O-O 11. a3 Bxc3 12. Bxc3 Qc8 13. Qd2 Qa6 14. Qb2 Bd5 15.
Rfe1 Nc6 16. Nd2 Bxg2 17. Kxg2 Nd5 18. e4 Nxc3 19. Qxc3 Qb6 20. Nf3 Rab8 21.
Rab1 Rb7 22. Red1 Na7 23. b4 a4 24. Qc2 Nb5 25. Rd3 f6 26. Rc1 Qa6 27. Re3 Rb6
28. Qd3 Qb7 29. Rc5 Nd6 30. d5 e5 31. Nd2 Rb5 32. Re1 Rxc5 33. bxc5 Nf7 34. Rb1
Qa7 35. Qb5 d6 36. Nc4 h5 37. h4 f5 38. exf5 Nh6 39. cxd6 Nxf5 40. Rb2 cxd6 41.
Qc6 Qe7 42. Nd2 Qf6 43. Ne4 Qg6 44. Ng5 Nd4 45. Qd7 e4 46. Rb7 e3 47. fxe3 Qc2+
48. Kh3 Nf5 49. Qe6+ Kh8 50. Qf7 1-0

[Event "World Blitz 2015"]
[Site "Berlin GER"]
[Date "2015.10.13"]
[Round "6.36"]
[White "Shchekachev, Andrei"]
[Black "Wojtaszek, Radoslaw"]
[Result "1-0"]
[WhiteTitle "GM"]
[BlackTitle "GM"]
[WhiteElo "2531"]
[BlackElo "2734"]
[WhiteFideId "4107730"]
[BlackFideId "1118358"]
[EventDate "2015.10.13"]

1. Nf3 d5 2. d3 Nf6 3. Nbd2 c5 4. g3 Nc6 5. Bg2 Bg4 6. h3 Bh5 7. g4 Bg6 8. Nh4
e6 9. e3 Be7 10. Qe2 Nd7 11. Nxg6 hxg6 12. a3 Qc7 13. c4 Nb6 14. Nf3 Rd8 15. O-O
Bf6 16. Rb1 a5 17. cxd5 Nxd5 18. Bd2 O-O 19. Rfc1 Be7 20. Be1 a4 21. Qc2 b5 22.
Nd2 Nb6 23. Ne4 Ne5 24. d4 Nec4 25. Nxc5 Bxc5 26. dxc5 Nd7 27. Bb4 Nxc5 28. Bf1
Nb3 29. Bxf8 Rd2 30. Qc3 Kxf8 31. Bxc4 Rxf2 32. Kxf2 Qh2+ 33. Ke1 Qg3+ 34. Kd1
Qg1+ 35. Qe1 Qg2 36. Rc2 Qf3+ 37. Be2 Qd5+ 38. Rd2 Qe4 39. Rc1 Kg8 40. Bd3 Qf3+
41. Be2 Qe4 42. Rd8+ Kh7 43. Qh4# 1-0

[Event "World Blitz 2015"]
[Site "Berlin GER"]
[Date "2015.10.13"]
[Round "6.39"]
[White "Zvjaginsev, Vadim"]
[Black "Donchenko, Alexander"]
[Result "1-0"]
[WhiteTitle "GM"]
[BlackTitle "GM"]
[WhiteElo "2660"]
[BlackElo "2577"]
[WhiteFideId "4113403"]
[BlackFideId "24603295"]
[EventDate "2015.10.13"]

1. e4 c6 2. d4 d5 3. Nc3 dxe4 4. Nxe4 Bf5 5. Ng3 Bg6 6. Nf3 Nd7 7. Bd3 e6 8. O-O
Ngf6 9. b3 Bd6 10. Bb2 Qe7 11. Re1 Ba3 12. Bxa3 Qxa3 13. c4 O-O 14. Bxg6 hxg6
15. Qd2 a5 16. h3 Rfd8 17. Rad1 Qb4 18. Qf4 a4 19. Re3 axb3 20. axb3 Ra3 21. Rb1
Rda8 22. Kh2 c5 23. dxc5 Nxc5 24. Ng5 Qb6 25. Rf3 Ncd7 26. N3e4 R8a5 27. c5 Qc6
28. Rd1 Ra8 29. Qh4 Qc7+ 30. g3 Ne5 31. Nxf6+ gxf6 32. Qh7+ Kf8 33. Nxe6+ fxe6
34. Qh8+ 1-0

[Event "World Blitz 2015"]
[Site "Berlin GER"]
[Date "2015.10.13"]
[Round "6.40"]
[White "Nepomniachtchi, Ian"]
[Black "Grigoriants, Sergey"]
[Result "0-1"]
[WhiteTitle "GM"]
[BlackTitle "GM"]
[WhiteElo "2705"]
[BlackElo "2603"]
[WhiteFideId "4168119"]
[BlackFideId "4130804"]
[EventDate "2015.10.13"]

1. e4 e5 2. Nf3 Nc6 3. d4 exd4 4. Nxd4 Nf6 5. Nxc6 bxc6 6. e5 Qe7 7. Qe2 Nd5 8.
c4 Ba6 9. Nd2 g6 10. Nf3 Qb4+ 11. Kd1 O-O-O 12. Qc2 Nb6 13. Bd2 Qa4 14. Qxa4
Nxa4 15. Bg5 Re8 16. Bf6 Rg8 17. Kc2 Bg7 18. Bxg7 Rxg7 19. b4 Nb6 20. Kb3 f6 21.
a4 d6 22. exf6 Rf7 23. Bd3 Rxf6 24. a5 Nd7 25. Rhe1 Rxe1 26. Rxe1 Kd8 27. Be4
Bb7 28. Kc3 d5 29. Bc2 c5 30. bxc5 Nxc5 31. Rd1 c6 32. cxd5 cxd5 33. Kd4 Ne6+
34. Ke5 Ke7 35. Rb1 Nd8 36. Kd4 Nc6+ 37. Kc3 Nxa5 38. Rb5 Ra6 39. Bd3 Kd6 40.
Nd4 Bc6 41. Nxc6 Rxc6+ 42. Kd4 Rc5 43. Rb1 Nc6+ 0-1

[Event "World Blitz 2015"]
[Site "Berlin GER"]
[Date "2015.10.13"]
[Round "6.44"]
[White "Bruzon Batista, Lazaro"]
[Black "Pavlidis, Antonios"]
[Result "1/2-1/2"]
[WhiteTitle "GM"]
[BlackTitle "GM"]
[WhiteElo "2659"]
[BlackElo "2522"]
[WhiteFideId "3503739"]
[BlackFideId "4212312"]
[EventDate "2015.10.13"]

1. e4 c5 2. Nf3 Nc6 3. Bb5 Nf6 4. Bxc6 dxc6 5. d3 Qc7 6. O-O e5 7. Nbd2 Be6 8.
b3 h6 9. Bb2 Nd7 10. Nh4 O-O-O 11. a3 Kb8 12. Bc3 g6 13. a4 Be7 14. Nhf3 g5 15.
a5 g4 16. Ne1 h5 17. Nc4 h4 18. Qe2 Rdg8 19. Ne3 Bg5 20. Bd2 Nf6 21. Nc4 Nh5 22.
Bxg5 Rxg5 23. Qe3 Nf4 24. Qxc5 Ne2+ 25. Kh1 Ng3+ 26. Kg1 Ne2+ 27. Kh1 Ng3+ 28.
Kg1 Ne2+ 29. Kh1 Ng3+ 1/2-1/2

[Event "World Blitz 2015"]
[Site "Berlin GER"]
[Date "2015.10.13"]
[Round "6.46"]
[White "Dlugy, Maxim"]
[Black "Abel, Dennes"]
[Result "0-1"]
[WhiteTitle "GM"]
[BlackTitle "IM"]
[WhiteElo "2518"]
[BlackElo "2441"]
[WhiteFideId "2000075"]
[BlackFideId "24605417"]
[EventDate "2015.10.13"]

1. d4 d5 2. Bf4 Nf6 3. e3 c5 4. dxc5 Qa5+ 5. Nc3 a6 6. Nf3 Qxc5 7. Be2 Bg4 8.
O-O e6 9. Na4 Qc6 10. b3 b5 11. Nb2 Ba3 12. Nd3 Nbd7 13. Nde5 Nxe5 14. Nxe5 Bxe2
15. Qxe2 Qc3 16. Nf3 Rc8 17. Nd4 Nd7 18. Qg4 g6 19. Nxe6 fxe6 20. Qxe6+ Be7 21.
Qxa6 Qc6 22. Qa7 Bc5 23. Qa5 b4 24. a4 bxa3 25. Qc3 O-O 26. b4 Bd6 27. Qxa3 Bxf4
28. exf4 Rxf4 29. Rad1 Rf5 30. Rd2 Nb6 31. Qb3 Nc4 32. Rd4 Rcf8 33. h3 Qf6 34.
Qd3 Rxf2 35. Rxf2 Qxf2+ 36. Kh2 Ne5 0-1

[Event "World Blitz 2015"]
[Site "Berlin GER"]
[Date "2015.10.13"]
[Round "6.47"]
[White "Bluebaum, Matthias"]
[Black "Ragger, Markus"]
[Result "1-0"]
[WhiteTitle "GM"]
[BlackTitle "GM"]
[WhiteElo "2588"]
[BlackElo "2698"]
[WhiteFideId "24651516"]
[BlackFideId "1610856"]
[EventDate "2015.10.13"]

1. d4 d5 2. c4 c6 3. Nf3 Nf6 4. Nc3 dxc4 5. a4 Bf5 6. Ne5 e6 7. f3 Bb4 8. Kf2 c5
9. Na2 O-O 10. Nxb4 cxb4 11. e4 Bxe4 12. fxe4 Nxe4+ 13. Kg1 f6 14. Nxc4 Nc6 15.
Be3 Qd5 16. Nd2 Nxd2 17. Qxd2 Rad8 18. Rc1 Kh8 19. h4 Qd6 20. Rh3 e5 21. d5 Qxd5
22. Qxd5 Rxd5 23. Bc4 Rd7 24. Bb5 Rc8 25. Bxa7 Rd2 26. Bxc6 bxc6 27. Rb3 h5 28.
Rxb4 Kh7 29. Bb6 Re8 30. a5 e4 31. Re1 c5 32. Rbxe4 Rc8 33. Rc4 Rxb2 34. Rxc5
Rf8 35. Rxh5+ Kg6 36. Rc5 Ra2 37. Rcc1 Rh8 38. Ra1 Rb2 39. Bf2 Ra8 40. a6 Kh5
41. a7 g5 42. hxg5 fxg5 43. Reb1 Rxb1+ 44. Rxb1 Rc8 45. Ra1 Ra8 46. Bg3 Kg4 47.
Bb8 Kh4 48. Ra4+ g4 49. Kh2 Kh5 50. Kg3 Kg6 51. Kxg4 Kf7 52. Kf5 Ke7 53. Ke5 Kd7 1-0

[Event "World Blitz 2015"]
[Site "Berlin GER"]
[Date "2015.10.13"]
[Round "6.48"]
[White "Bacrot, Etienne"]
[Black "Kovalev, Vladislav"]
[Result "1-0"]
[WhiteTitle "GM"]
[BlackTitle "GM"]
[WhiteElo "2697"]
[BlackElo "2546"]
[WhiteFideId "605506"]
[BlackFideId "13504398"]
[EventDate "2015.10.13"]

1. e4 e5 2. Nf3 Nc6 3. Bb5 a6 4. Ba4 Nf6 5. d3 b5 6. Bb3 Be7 7. a4 b4 8. O-O d6
9. Nbd2 Na5 10. Ba2 c5 11. Re1 O-O 12. Nf1 Be6 13. Bg5 Bxa2 14. Rxa2 Nd7 15.
Bxe7 Qxe7 16. Ne3 Nf6 17. Ra1 g6 18. Nd2 Qe6 19. Qf3 Nc6 20. Ndc4 Nd4 21. Qd1
Nh5 22. c3 Nc6 23. Nd5 Ra7 24. Nce3 Ng7 25. Rc1 a5 26. f4 f5 27. exf5 Nxf5 28.
fxe5 Nxe3 29. Nxe3 bxc3 30. bxc3 Nxe5 31. d4 cxd4 32. cxd4 Nf7 33. Ng4 Qa2 34.
Rf1 Kg7 35. Qf3 Qe6 36. d5 Qe7 37. Qh3 Ne5 38. Rxf8 Qxf8 39. Rf1 Qe7 40. Qh6+
Kg8 41. Nf6+ Kh8 42. Nxh7 Qg7 43. Rf8+ 1-0

[Event "World Blitz 2015"]
[Site "Berlin GER"]
[Date "2015.10.13"]
[Round "6.49"]
[White "Stern, Rene"]
[Black "Sumets, Andrey"]
[Result "1-0"]
[WhiteTitle "GM"]
[BlackTitle "GM"]
[WhiteElo "2538"]
[BlackElo "2583"]
[WhiteFideId "4611799"]
[BlackFideId "14105500"]
[EventDate "2015.10.13"]

1. d4 d5 2. c4 c6 3. cxd5 cxd5 4. Bf4 Nc6 5. e3 Nf6 6. Nc3 Bf5 7. Qb3 Na5 8.
Qa4+ Bd7 9. Qc2 Rc8 10. Bd3 b5 11. a3 e6 12. Nf3 Be7 13. h3 O-O 14. O-O Nc4 15.
Qe2 Qb6 16. Ne5 Be8 17. a4 b4 18. Nb1 Nxe5 19. Bxe5 Nd7 20. Bg3 f5 21. Nd2 Nf6
22. a5 Qd8 23. Nb3 Ne4 24. Be5 Bd6 25. Rfc1 Rxc1+ 26. Rxc1 Ba4 27. Bxd6 Qxd6 28.
Nc5 Rc8 29. Qe1 Nxc5 30. Qxb4 Qb8 31. Qxb8 Rxb8 32. dxc5 Bc6 33. g4 fxg4 34.
hxg4 Rxb2 35. e4 dxe4 36. Bc4 Kf7 37. Rd1 Rc2 38. Bxe6+ Kxe6 39. Rd6+ Ke5 40.
Rxc6 g5 41. Rc7 a6 42. Rc6 Kf4 43. Kg2 e3 44. Rf6+ Kxg4 45. c6 Rxf2+ 46. Rxf2 1-0